Der Spanisch-Deutsche ronfliktum die rasolimem und die revolution in Spaniem. (Record no. 29490)

MARC details
000 -LEADER
campo de control de longitud fija 00660nam a2200181 i 4500
001 - NÚMERO DE CONTROL
campo de control 29490
003 - IDENTIFICADOR DE NÚMERO DE CONTROL
campo de control ES-MaACL
005 - FECHA Y HORA DE LA ÚLTIMA TRANSACCIÓN
campo de control 20230906154037.0
007 - CAMPO FIJO DE DESCRIPCIÓN FÍSICA--INFORMACIÓN GENERAL
campo de control de longitud fija t|
008 - DATOS DE LONGITUD FIJA--INFORMACIÓN GENERAL
campo de control de longitud fija 030122s1885 gw |||| | ger d
245 04 - MENCIÓN DEL TÍTULO
Título Der Spanisch-Deutsche ronfliktum die rasolimem und die revolution in Spaniem.
260 ## - PUBLICACIÓN, DISTRIBUCIÓN, ETC.
Lugar de publicación, distribución, etc. Hagen :
Nombre del editor, distribuidor, etc. Verlag von Hermann Risel & Co.,
Fecha de publicación, distribución, etc. 1885.
300 ## - DESCRIPCIÓN FÍSICA
Extensión 92 p. ;
Dimensiones 15 cm.
651 #4 - PUNTO DE ACCESO ADICIONAL DE MATERIA--NOMBRE GEOGRÁFICO
Nombre geográfico Carolinas (Islas)-
Subdivisión general Historia-
Subdivisión cronológica 1885 (Arbitraje papal)
9 (RLIN) 156330
651 #4 - PUNTO DE ACCESO ADICIONAL DE MATERIA--NOMBRE GEOGRÁFICO
Nombre geográfico España-
Subdivisión general Relaciones-
Subdivisión geográfica Alemania.
9 (RLIN) 149657
651 #4 - PUNTO DE ACCESO ADICIONAL DE MATERIA--NOMBRE GEOGRÁFICO
Nombre geográfico Alemania-
Subdivisión general Relaciones-
Subdivisión geográfica España.
9 (RLIN) 149658
852 ## - LOCALIZACIÓN
Ubicación ES-MaACL
Número de control de estantería T-405-F-3
Nota libre . - Dedicatoria autógrafa de ¿Ernesto Bark?
Holdings
Estatus retirado Estado de pérdida Estado de daño No para préstamo Colección Biblioteca de origen Biblioteca actual Ubicación en estantería Fecha de adquisición Fuente de adquisición Total de préstamos Signatura topográfica completa Código de barras Visto por última vez Precio de reemplazo Tipo de ítem Koha
        Colección de folletos Biblioteca del Ateneo de Madrid Biblioteca del Ateneo de Madrid Depósito folletos 17/01/2008     T-405-F-3 1030445 23/02/2023 23/02/2023 Folleto